000 00569nam a22001817a 4500
005 20251108172456.0
008 250721s1998 xx 000 0 ara d
082 1 4 _a796.019/علا
100 1 _aعلاوي، محمد حسن
245 1 0 _aسيكولوجية الاحتراق للاعب والمدرب الرياضي /
264 1 _aالقاهرة :
_bمركز الكتاب للنشر،
_c1998.
300 _a79ص.
650 1 7 _aعلم النفس الرياضي
650 1 7 _aالاحتراق
650 1 7 _aاللاعبون
942 _2ddc
_cBK
999 _c80284
_d80284